000 00693nam a2200241Ia 4500
001 7564
003 15531
005 20250305194354.0
008 ||||||n9999 ||| || ||
020 _a9789589079034
040 _aCO-BoESAP
_bspa
_cCO-BoESAP
041 _aspa
100 _aGomez Porras, Gustavo
_950295
245 0 _aDerecho de polícia
_by protección a la comunidad
_cGustavo Gomez Porras
260 _aBogotá :
_bEscuela Superior de Administración Pública - ESAP,
_c1988.
300 _a120p
562 _e40
650 _aCOLOMBIA
_913306
650 0 _aComunidad
_93058
650 0 _aDerecho de policía
_99903
650 _aPOLICIA NACIONAL
_911166
942 _cCOD
_2ddc
999 _c7564
_d7564